Yugoslavia Quiz - Statistics

General Stats
  • This quiz has been taken 62 times
  • The average score is 5 of 7
Answer Stats
Hint Answer % Correct
How much countries made Yugoslavia? 7
100%
Name a country that was in Yugoslavia Croatia Slovenia Serbia Montenegro North Macedonia Bosnia and Herzegovina Kosovo
88%
Did Yugoslavia Border Austria Hungary? No
82%
When did Yugoslavia get independence from Germany in World War 2 1945
78%
When did Yugoslavia get claimed by Germany in World War 2 1941
76%
How much years did Yugoslavia was independence until it broke? 85
22%
When did Yugoslavia become Communist? 1971
10%
No matching quizzes found
Score Distribution
Percent of People with Each Score
Percentile by Number Answered
Your Score History
You have not taken this quiz